MARC

LEADER 00000nam0a2200000 4500
001 361851
005 20231102011429.0
035 |a (RuTPU)RU\TPU\retro\19197 
035 |a RU\TPU\book\129497 
090 |a 361851 
100 |a 20210705d1980 km y0rusy5003 ca 
101 0 |a rus 
102 |a RU 
105 |a a z 001zy 
200 1 |a Маркшейдерские работы на карьерах и приисках  |f М. А. Перегудов, И. И. Пацев, В. И. Борщ-Компанеец [и др.] 
210 |a Москва  |c Недра  |d 1980 
215 |a 366 с.  |c ил. 
320 |a Библиогр.: с. 358-360 
606 1 |a Маркшейдерско-геодезические работы  |2 stltpush  |3 (RuTPU)RU\TPU\subj\80524  |9 88170 
610 1 |a опорные пункты 
610 1 |a сети 
610 1 |a создание 
610 1 |a карьеры 
610 1 |a детальная маркшейдерская съемка 
610 1 |a стереофотограмметрическая съемка 
610 1 |a открытые разработки 
610 1 |a маркшейдерская документация 
610 1 |a выполненные горные работы 
610 1 |a объемы 
610 1 |a определение 
610 1 |a учет 
610 1 |a строительство 
610 1 |a реконструкция 
610 1 |a специальные маркшейдерские работы 
610 1 |a горные породы 
610 1 |a сдвижение 
610 1 |a полезные ископаемые 
610 1 |a запасы 
610 1 |a потери 
610 1 |a добыча 
610 1 |a маркшейдерский учет 
610 1 |a россыпи 
610 1 |a дражные разработки 
675 |a 622.1:528(035)  |z rus 
701 1 |a Перегудов  |b М. А.  |g Михаил Алексеевич 
701 1 |a Пацев  |b И. И.  |g Иван иванович 
701 1 |a Борщ-Компанеец  |b В. И.  |g Виталий Иванович 
701 1 |a Васильева  |b Э. А.  |g Эльвира Александровна 
701 1 |a Скобелев  |b А. Т.  |g Александр Трофимович 
801 0 |a RU  |b RuMRKP  |c 19950417  |g psbo 
801 1 |a RU  |b 63413507  |c 20070724  |g PSBO 
801 2 |a RU  |b 63413507  |c 20210705  |g PSBO 
942 |c BK